1195 1157 1388 1430 1358 1203 1966 1428 1958 1110 1024 1322 1870 1933 1007 1885 1589 1734 1828 1006 1777 1854 1160 1202 1161 1281 1370 1976 1975 1305 1145 1184 1230 1712 1081 1245 1929 1600 1380 1207 1114 1727 1092 1726 1611 1048 1220 1491 1150 1509 1922 1090 1853 1939 1492 1774 1634 1091 1203 1794 1848 1570 1074 1518 1263 1457 1782 1034 1236 1867 1118 1334 1141 1479 1242 1158 1113 1157 1790 1412 1702 1238 1416 1117 1246 1381 1625 1117 1140 1110 1868 1473 1999 1168 1304 1843 1450 1489 1354 BCNSPRNW ULIB Ver.6.0+V

เปลี่ยนเป็นภาษาไทย

Change to English
 แสดงรายละเอียดบรรณานุกรม
  กลับหน้าหลัก

Brief Record : Get Marc (ISO 2709) : E-mail record : QR code < ปิดหน้าต่าง
LEADER : 00000nam a2200000Ia 4500
001    13399114138
003     ULIB
008    110922s2554 th a 000 0 tha d
020    ^a9789741114313 (ล.2)
040    ^absi
060 04 ^aWP100^bน263 ล2
100 0  วีรศักดิ์ วงศ์ถิรพร
245 00 ^aนรีเวชวิทยา เล่ม2/^cบรรณาธิการ, วีรศักดิ์ วงศ์ถิรพร ...
246 14 ^aตำรานรีเวชวิทยา
250    ^aฉบับเรียบเรียงครั้งที่ 3 พิมพ์ครั้งที่ 1
260    ^aกรุงเทพฯ :^bภาควิชาสูติศาสตร์-นรีเวชวิทยา^c2554
300    ^a2 เล่ม :^bภาพประกอบ ;^c31 ชม.
650  7 ^aนรีเวชวิทยา
650  7 ^aอวัยวะสืบพันธุ์หญิง, โรค
653    ^aผลงานอาจารย์คณะแพทยศาสตร์ศิริราชพยาบาล
700 0  ^aวีรศักดิ์ วงศ์ถิรพร,^eบรรณาธิการ
710 2  ^aมหาวิทยาลัยมหิดล. ^bคณะแพทยศาสตร์ศิริราชพยาบาล.
945    ^p400^l0^i031081
945    ^p400^l0^i031082
945    ^p400^l0^i031083
945    ^p400^l0^i031299
945    ^p400^l0^i031300
945    ^p400^l0^i031301
945    ^p400^l0^i031302
945    ^p400^l0^i031303
945    ^p400^l0^i031304
945    ^p400^l0^i031305
995    ^aทศพร
999 ^a ทศพร
รายการนี้ยังไม่มีแท็ก
คุณยังไม่ได้ล็อกอิน คุณสามารถมีกิจกรรมร่วมกับเว็บไซต์ได้ แต่ต้องล็อกอินก่อน ::
  ล็อกอิน

รายการสื่อสารสนเทศ

ลำดับที่ ประเภท เลขเรียก/บาร์โค้ด สถานที่ สถานะ
1. วิทยาศาสตร์การแพทย์ และสุขภาพ
หนังสือสำรอง
สถานะ=หนังสือสำรอง
WP100 น263 ล2 ฉ.1 
  Barcode: 031081
ห้องสมุดวิทยาเขตสวรรค์ประชารักษ์
►ส่วนจัดเก็บหนังสือเก่า สปร
บนชั้น
  ขอยืม
2. วิทยาศาสตร์การแพทย์ และสุขภาพ
วิทยาศาสตร์การแพทย์ และสุขภาพ
WP100 น263 ล2 ฉ.10 
  Barcode: 031305
ห้องสมุดวิทยาเขตสวรรค์ประชารักษ์
►ส่วนจัดเก็บหนังสือเก่า สปร
บนชั้น
  ขอยืม
3. วิทยาศาสตร์การแพทย์ และสุขภาพ
วิทยาศาสตร์การแพทย์ และสุขภาพ
WP100 น263 ล2 ฉ.2 
  Barcode: 031082
ห้องสมุดวิทยาเขตสวรรค์ประชารักษ์
►ส่วนจัดเก็บหนังสือเก่า สปร
บนชั้น
  ขอยืม
4. วิทยาศาสตร์การแพทย์ และสุขภาพ
วิทยาศาสตร์การแพทย์ และสุขภาพ
WP100 น263 ล2 ฉ.3 
  Barcode: 031083
ห้องสมุดวิทยาเขตสวรรค์ประชารักษ์
►ส่วนจัดเก็บหนังสือเก่า สปร
บนชั้น
  ขอยืม
5. วิทยาศาสตร์การแพทย์ และสุขภาพ
วิทยาศาสตร์การแพทย์ และสุขภาพ
WP100 น263 ล2 ฉ.4 
  Barcode: 031299
ห้องสมุดวิทยาเขตสวรรค์ประชารักษ์
►ส่วนจัดเก็บหนังสือเก่า สปร
บนชั้น
  ขอยืม
6. วิทยาศาสตร์การแพทย์ และสุขภาพ
วิทยาศาสตร์การแพทย์ และสุขภาพ
WP100 น263 ล2 ฉ.5 
  Barcode: 031300
ห้องสมุดวิทยาเขตสวรรค์ประชารักษ์
►ส่วนจัดเก็บหนังสือเก่า สปร
บนชั้น
  ขอยืม
7. วิทยาศาสตร์การแพทย์ และสุขภาพ
วิทยาศาสตร์การแพทย์ และสุขภาพ
WP100 น263 ล2 ฉ.7 
  Barcode: 031302
ห้องสมุดวิทยาเขตสวรรค์ประชารักษ์
►ส่วนจัดเก็บหนังสือเก่า สปร
บนชั้น
  ขอยืม
8. วิทยาศาสตร์การแพทย์ และสุขภาพ
วิทยาศาสตร์การแพทย์ และสุขภาพ
WP100 น263 ล2 ฉ.8 
  Barcode: 031303
ห้องสมุดวิทยาเขตสวรรค์ประชารักษ์
►ส่วนจัดเก็บหนังสือเก่า สปร
บนชั้น
  ขอยืม
9. วิทยาศาสตร์การแพทย์ และสุขภาพ
วิทยาศาสตร์การแพทย์ และสุขภาพ
WP100 น263 ล2 ฉ.9 
  Barcode: 031304
ห้องสมุดวิทยาเขตสวรรค์ประชารักษ์
►ส่วนจัดเก็บหนังสือเก่า สปร
บนชั้น
  ขอยืม

รายการใกล้เคียง
    ผู้แต่ง [วีรศักดิ์ วงศ์ถิรพร]

    หัวเรื่อง [นรีเวชวิทยา]
    หัวเรื่อง [อวัยวะสืบพันธุ์หญิง, โรค]

BibComment


ยังไม่เคยถูกคอมเมนท์

คอมเมนท์ทรัพยากรรายการนี้
  คอมเมนท์: นรีเวชวิทยา เล่ม..


 Copyright 2026. Bcnsprnw @Library